| 000 | 00931nam a22002297a 4500 | ||
|---|---|---|---|
| 005 | 20240530110552.0 | ||
| 008 | 160217b2012 ku g b 000 0 ara d | ||
| 017 |
_a2012/1/90 _bالكويت . دائرة المكتبة الوطنية |
||
| 040 | _aEG-CaGPL | ||
| 082 | 0 | 4 |
_221 _a371.37\ _bر إ |
| 100 | 0 | _aرجب بن على عبيد العويسى | |
| 245 | 1 | 0 |
_aادارة الحوار فى التعليم : _bالنظرية و التطبيق / _cتاليف رجب بن على عبيد العويسى |
| 250 | _aط1 | ||
| 260 |
_aالكويت : _bمكتبة الفلاح للنشر و التوزيع ، _c2013 . |
||
| 300 |
_a263 ص ؛ _c24 سم . |
||
| 504 | _aيشتمل على ارجاعات ببليوجرافية | ||
| 650 | 0 | 4 |
_aالتعليم _zسلطنة عمان |
| 650 | 0 | 4 | _aطرق التدريس |
| 650 | 0 | 4 | _aالحوار التعليمى |
| 942 |
_2ddc _cBK |
||
| 999 |
_c62491 _d62491 |
||